| 000 | 00926nam a22002657a 4500 | ||
|---|---|---|---|
| 005 | 20100921140828.0 | ||
| 007 | sd ammalaaahaa | ||
| 008 | 100921t xxu||||| |||| 00| 0 hin d | ||
| 028 |
_a3AEX. 5203 _bAngel |
||
| 035 | _aGR-05159 | ||
| 100 |
_aMangeshkar, Lata _91184 |
||
| 245 |
_aChhero na dil ki baat part 1 / _cby Lata Mangeshkar ; music Naushad |
||
| 246 | _aछेरो न दिल की बात (लता मंगेशकर) | ||
| 260 |
_aDum Dum, India _bAngel _c1968 |
||
| 300 |
_a1 Sound dics [Gramophone Record] _banalog, 33 1/3 rpm _c12 in. (LP) |
||
| 500 | _aBrief record | ||
| 500 | _aAngel | ||
| 500 | _aBroun | ||
| 505 | _aMere parion me ghun gharoo part. 2 | ||
| 650 |
_aClassical Music _vFilmi Song _xExcerpts _zIndia _920898 |
||
| 700 |
_aNaushad _920899 |
||
| 700 | _920917 | ||
| 942 |
_2ddc _cGR |
||
| 999 |
_c47268 _d47268 |
||